Normal view
MARC view
- Zorich, V. A.
Entry Personal Name
001 - CONTROL NUMBER
- control field: 10506
003 - CONTROL NUMBER IDENTIFIER
- control field: NUST
005 - DATE AND TIME OF LATEST TRANSACTION
- control field: 20180524052109.0
008 - FIXED-LENGTH DATA ELEMENTS
- fixed length control field: 180524|| aca||aabn | a|a d
040 ## - CATALOGING SOURCE
- Original cataloging agency: NUST
- Transcribing agency: NUST
100 ## - HEADING--PERSONAL NAME
- Personal name: Zorich, V. A.
- Fuller form of name: (Vladimir Antonovich)
670 ## - SOURCE DATA FOUND
- Source citation: Work cat.: (NUST)0: Zorich, V. A. (Vladimir Antonovich), Mathematical analysis /, c2004.
